| 000 | 00346 a2200085 4500 | ||
|---|---|---|---|
| 999 |
_c20954 _d20954 |
||
| 003 | WA 310 | ||
| 005 | 20220322114042.0 | ||
| 008 | 220322s1997 pl ||||| |||| 00| 0 pol d | ||
| 020 | _a8323606773 | ||
| 040 |
_aWA 310 _cWA 310 |
||
| 041 | _apol | ||
| 245 | 0 | 0 |
_aPotencjometry stosowane w urządzeniach elektronicznych - Norma grupowa - Potencjometry jednoobrotowe małej mocy, drutowe i niedrutowe = _bPotentiometers for use in electronic equipment - Part 5: Sectional specification: single-turn rotary low-power wirewound and non-wirewound potentiometers PN-IEC 393-5:1997P / _cNKP nr 58. |
| 246 | 1 | 3 | _aPN-IEC 393-5 |
| 246 | 1 | 3 | _aICS 31.040.20 |
| 246 | 1 | 3 | _aPolska Norma |
| 260 |
_aWarszawa : _bPKN, _c1997. |
||
| 300 |
_a48 stron ; _c30 cm. |
||
| 336 |
_2rdacontent _aTekst _btxt |
||
| 337 |
_2rdamedia _aBez urządzenia pośredniczącego _bn |
||
| 338 |
_2rdacarrier _aWolumin _bnc |
||
| 500 | _aNiniejsza norma jest tłumaczeniem oficjalnej wersji językowej normy międzynarodowej IEC 393-5:1992 (E). | ||
| 500 | _aWprowadza IEC 60393-5:1992, IDT ; Zastępuje PN-79/T-80054 z wyjątkiem tablic 2 i 3, BN-82/3281-39 z wyjątkiem tablic 6 i 7 ; Ustanowiona przez Polski Komitet Normalizacyjny dnia 11 grudnia 1997 r. | ||
| 590 | _6Status: wycofana ; Zastąpiona przez PN-EN 60393-5:2016-06 wersja angielska. | ||
| 710 |
_91107 _aPolska. _bPolski Komitet Normalizacyjny. _eInstytucja sprawcza |
||
| 920 | _a83-236-0677-3 | ||
| 942 |
_2ddc _cBK |
||